| 000 | 00823nam a2200121 4500 | ||
|---|---|---|---|
| 082 | _a615.5,EVA | ||
| 100 |
_aMark Evans _9100687 |
||
| 245 | _aNatural Healing Remedies & Therapies | ||
| 260 |
_aLondon _bAnness Publications _c2011 |
||
| 300 | _a252 p. | ||
| 505 | _aNatural Remedies (Page-6), The Nervous Systems (Page-18), The Repiratory Systems (Page-30), The Circulatory systems (Page-46), The Digestive Systems (Page-54), The Reproductions Systems (Page-64), The Urinary Systems (Page-76), The Musculo Sakeletal Systems (Page-82), The Skin (Page-90), First Aid (Page-102), Childerans Ailments (Page-112), Important Notice (Page-121), Naturals Therapies (Page-122), Health from Plants (Page-124), Naturopthy (Page-144), Stress Mangement (Page-162), Bodywork (Page-182), Eastren Approaches (Page-204). | ||
| 942 |
_2ddc _cBK |
||
| 999 |
_c591903 _d591903 |
||